| 000 | 00642cam a22002291 4500 | ||
|---|---|---|---|
| 999 |
_c4611 _d4611 |
||
| 001 | 3111026 | ||
| 003 | GBCCL | ||
| 005 | 20241126110522.0 | ||
| 008 | 721219s1957 nyu 000 0 eng | ||
| 010 | _a 57006406 | ||
| 040 |
_aDLC _cDLC _dDLC |
||
| 050 | 0 | 0 |
_aLB1115 _b.P86 |
| 082 | 0 | 0 |
_a136.7 _bPRE |
| 100 | 1 |
_aPrescott, Daniel Alfred, _d1898- _98495 |
|
| 245 | 1 | 4 | _aThe child in the educative process. |
| 260 |
_aNew York, _bMcGraw-Hill, _c1957. |
||
| 300 |
_a502 p. _c24 cm. |
||
| 490 | 0 | _aMcGraw-Hill series in education | |
| 650 | 0 |
_aChild development. _91190 |
|
| 906 |
_a7 _bcbc _corignew _du _eocip _f19 _gy-gencatlg |
||
| 942 |
_2ddc _cBK |
||